000 00262nam a22001217a 4500
082 _a297.09 ALI
100 _aAli, K
245 _aA Study of Islamic HIstory
260 _aDelhi
_bAdam Publishers
_c2014
300 _a369
650 _aIslam History
942 _cBK
999 _c19995
_d19995